MARC

LEADER 00000nam0a2200000 4500
001 351428
005 20231102010413.0
035 |a (RuTPU)RU\TPU\retro\6460 
090 |a 351428 
100 |a 20190605d1947 k y0rusy50 ca 
101 0 |a rus 
102 |a RU 
105 |a y z 001zy 
200 1 |a Введение в квантовую теорию волновых полей  |f Г. Вентцель 
210 |a Москва  |a Ленинград  |c ОГИЗ  |c Гостехиздат  |d 1947 
215 |a 292 с. 
316 |5 63413507: КР-6528  |a На переднем форзаце владельческая подпись: "А. Воробьев. Томск. 20.2.48" 
317 |5 63413507: КР-6528  |a Поступила в НТБ в 1987 г. в дар от вдовы ученого Е. К. Завадовской 
320 |a Именной и предметный указатель: 291-292 
606 1 |a Квантовая теория поля  |2 stltpush  |3 (RuTPU)RU\TPU\subj\14222  |9 40678 
610 1 |a физика 
610 1 |a волновая механика 
610 1 |a волновые поля 
610 1 |a скалярные поля 
610 1 |a векторные мезонные поля 
610 1 |a квантовая электродинамика 
610 1 |a квантование 
610 1 |a электроны 
610 1 |a библиотека А. А. Воробьева 
610 1 |a владельческая надпись 
675 |a 530.145  |v 4 
700 1 |a Вентцель  |b Г. 
801 1 |a RU  |b 63413507  |c 20190605 
801 2 |a RU  |b 63413507  |c 20191030  |g RCR 
942 |c BK